000 00612nam a2200193Ii 4500
003 JO-AjNU
008 230605s9999||||xx |||||||||||||| ||und||
040 _aJO-AjNU
_bara
_erda
_cJO-AjNU
041 _aara
050 1 4 _aRC1210.S5422 2005
100 3 _aالشيشاني ، احمد,
_eauthor
_97686
245 0 0 _aالقوام والتمرينات العلاجية
264 3 1 _aعمان:دار ورد للنشر ، 2005
300 _a211ص
336 _atext
_btxt
_2rdacontent
337 _aunmediated
_bn
_2rdamedia
338 _avolume
_bnc
_2rdacarrier
650 4 _aالتمرينات العلاجية
_97687
999 _aA406
_c3974
_d3974